LEADER 02844nam--2200481---450- 001 990000416110203316 005 20120925123115.0 012 $ai-tu 8b.a a-us EtCr (3) 1555 (R)$2fei$5SA0186 035 $a0041611 035 $aUSA010041611 035 $a(ALEPH)000041611USA01 035 $a0041611 100 $a20010424d1555----km-y0itay0103----ba 101 0 $alat 102 $aIT 105 $a||||||||001yy 140 $aa---a---z--------zzzaa0000-- 141 $a#--z0z#-$5SA0186--------------------------------------------------------------------- 200 1 $aPub. Virgilii Maronis poetae Mantuani Opera omnia innumeris pene Locis ad veterum Petri Bembi Cardinalis et Andreae Naugerii Exemplarium fidem, postrema hac editione castigata. Cum XI commentariis, Seruij praesertim ac Donati, ad suam integritatem restitutis. Et alijs omnibus quorum nomina versa pagina monstrantur. Vita ipsius authoris a Donato per q[uam] copiosissime descripta. Copiosissimusque Index adiectus est. Denuo post omnes omniumque editiones, per quām diligentissime Castigata, atq[ue] elaborata. 210 $aVenetiis$capud Hieronymum Scotum$d1555 215 $a[8], 579, [1] c.$cill.$d2° 300 $aSul v. del front. indice del contenuto 300 $aA c. T4 r. inizia l'Eneide con intitolazione 306 $aSul front. marca raffigurante Grifone su anfora, in cornice figurata 307 $aSegnatura: [fiore]8 A-E8 F-G6 H-R8 S-T6 V-4D8 4E4 307 $aVignette sil. di piccolo formato nel testo 316 $aLeg. in 1/4 di pelle e carta marmorizzata; sul dorso aut. e tit. impressi in oro e piccoli ferri dorati; correzioni agli errori di cartulazioni; 28,7x19,5 cm 317 $aSul front. timbro ovale a inchiostro nero con iniziali "DG" e note ms quasi svanite; note ms al testo 321 $aSBN 700 1$aVERGILIUS MARO,$bPublius$07260 801 0$aIT$bsalbc$gISBD 912 $a990000416110203316 951 $aF.V. II.C.10 (F.V.139)$b637$cF.V. II.C. 959 $aBK 969 $aVEN 979 $aPAOLA$b40$c20010424$lUSA01$h1700 979 $aPAOLA$b40$c20010424$lUSA01$h1705 979 $c20020403$lUSA01$h1649 979 $aPATRY$b90$c20040406$lUSA01$h1629 979 $aCAPRIOLO$b90$c20080910$lUSA01$h0951 979 $aPALERMO$b90$c20120925$lUSA01$h1231 996 $aPub. Virgilii Maronis poetae Mantuani Opera omnia innumeris pene Locis ad veterum Petri Bembi Cardinalis et Andreae Naugerii Exemplarium fidem, postrema hac editione castigata. Cum XI commentariis, Seruij praesertim ac Donati, ad suam integritatem restitutis. Et alijs omnibus quorum nomina versa pagina monstrantur. Vita ipsius authoris a Donato per q copiosissime descripta. Copiosissimusque Index adiectus est. Denuo post omnes omniumque editiones, per quām diligentissime Castigata, atque elaborata$9874975 997 $aUNISA LEADER 05872nas a2200901 i 4500 001 991002801979707536 005 20251222122959.0 008 011205c19469999it t| | |ita 022 $a0035-6190 035 $ab11710019-39ule_inst 035 $aPERLE007721 080 $aCDU 33 080 $aCDU 631.1 082 04$a338.1 222 0$aRivista di economia agraria 245 00$aRivista di economia agraria :$bpubblicazione trimestrale dell'Istituto nazionale di economia agraria, Roma 246 31$aItalian review of agricultural economics 246 10$aREA 246 10$aEconomia agraria 260 $aBologna :$bEdagricole,$c1946- 310 $aQuadrimestrale,$b2012- 321 $aTrimestrale,$b1974-2010 321 $aBimestrale,$b1966-1973 321 $aTrimestrale,$b1947-1954 362 0 $aAnno 1, vol. 1, n. 1 (mar. 1946)- 500 $aDal 1970 il compl. del tit. cambia: studi di economia agraria, politica agraria, sociologia rurale 500 $aTitolo parallelo in inglese da: A. 72, n. 2(2017) 500 $aSulla cop.: Istituto nazionale di economia agraria, INEA 500 $aNon pubblicato nel 2011 500 $aLuogo ed editore: Milano : Feltrinelli (1962-); Roma : Istituto nazionale di economia agraria (1964-); Bologna : Il mulino (1977-) 500 $aPoi editore: Napoli : Edizioni scientifiche italiane 500 $aDal 2012 editore: Milano : Angeli 500 $aDal 2014 editore: Firenze : Firenze university press 591 $aCodice CNR: P 00059758 592 $aLE023 1946-2010; 2012-2013; lac.: 1947 ; 1954-1956 ; 1960-1963; 1965; 1967-1968; 2008; 2011 592 $aLE025 1990-1997;2000-2001;2004-2008; 710 2 $aConsiglio per la ricerca in agricoltura e l'analisi dell'economia agraria 710 2 $aIstituto nazionale di economia agraria 710 2 $aSocietā Italiana di Economia Agraria 770 0 $tQuaderni della Rivista di economia agraria 907 $a.b11710019$b05-12-18$c08-07-02 912 $a991002801979707536 945 $aLE025$g1$lle025$nAnno 1993$on$pE99.20$q-$rn$so$t18$u0$v0$w0$x0$y.i11945606$z08-07-02 945 $aLE025$g1$i0000$lle025$nAbbonamento 2008 (pubblicato nel 2009)$on$pE91.93$q-$rn$so$t18$u0$v0$w0$x0$y.i15108600$z12-04-10 945 $aLE025$g1$i0000$lle025$nAbbonamento 2008$on$pE79.42$q-$rn$so$t18$u0$v0$w0$x0$y.i15143958$z21-06-10 945 $aLE025$g1$lle025$nAnno 1996$op$pE99.20$q-$rn$so$t18$u0$v0$w0$x0$y.i12508135$z02-05-03 945 $aLE025$g1$lle025$nAnno 1996$on$pE101.25$q-$rn$so$t18$u0$v0$w0$x0$y.i12508196$z02-05-03 945 $aLE025$g1$lle025$nAnno 2001, fasc. 1/2, 3, 4$on$pE78.51$q-$rn$so$t18$u0$v0$w0$x0$y.i12508202$z02-05-03 945 $aLE025$g1$lle025$nAbbonamento 2001$on$pE74.00$q-$rn$so$t18$u0$v0$w0$x0$y.i13979024$z04-01-05 945 $aLE025$g1$lle025$nAbbonamento 2004$on$pE79.50$q-$rn$so$t18$u0$v0$w0$x0$y.i14033288$z18-03-05 945 $aLE025$g1$lle025$nAbbonamento 2005$on$pE79.50$q-$rn$so$t18$u0$v0$w0$x0$y.i14167657$z13-12-05 945 $aLE025$g1$i00000000000$lle025$nAbbonamento 2006$on$pE79.50$q-$rn$so$t18$u0$v0$w0$x0$y.i14474347$z04-06-07 945 $aLE025 SEMS$g1$i00$lle025$nAbbonamento 2007$on$pE79.50$q-$rn$so$t18$u0$v0$w0$x0$y.i14974642$z29-05-09 945 $aLE009$g1$lle009$nLE009 Per. G. 225$on$pE0.00$q-$rn$so$t18$u0$v0$w0$x0$y.i11945588$z08-07-02 945 $aLE023 Per. 900 REA$g1$lle023$nLE009 Per. G. 225$o-$pE0.00$q-$rn$so$t18$u0$v0$w0$x0$y.i14768069$z04-06-08 945 $aLE023$g1$lle023$nLE023 1946-2000; lac.: 1947 ; 1954-1956 ; 1960-1968 ; 1975-1979 ; 1984 ; 2000$on$pE2,000.00$q-$rn$so$t18$u0$v0$w0$x0$y.i12570291$z24-09-03 945 $aLe023 Per. 900 REA$ca. 29, n. 1-4 (1974)$g1$lle023$nLE023 1946-1971 numeri con lo stesso inventario$on$pE0.00$q-$rn$so$t0$u0$v0$w0$x0$y.i15870935$z05-12-18 945 $aLE023$cA.1992$g1$lle023$on$pE0.00$q-$rn$so$t18$u0$v0$w0$x0$y.i1194559x$z08-07-02 945 $aLE023$cA.2003$g1$lle023$nanno 2003$on$pE74.00$q-$rn$so$t18$u0$v0$w0$x0$y.i13043067$z15-12-03 945 $aLE023$cA.2003$g1$lle023$nANNO 2003$on$pE76.00$q-$rn$so$t18$u0$v0$w0$x0$y.i13909927$z28-10-04 945 $aLE023$cA.1993$g1$lle023$on$pE0.00$q-$rn$so$t18$u0$v0$w0$x0$y.i14299264$z12-10-06 945 $aLE023$cA.1997$g1$lle023$on$pE0.00$q-$rn$so$t18$u0$v0$w0$x0$y.i14299288$z12-10-06 945 $aLE023$cA.1998$g1$lle023$on$pE0.00$q-$rn$so$t18$u0$v0$w0$x0$y.i14299306$z12-10-06 945 $aLE023$cA.1999$g1$lle023$on$pE0.00$q-$rn$so$t18$u0$v0$w0$x0$y.i1429932x$z12-10-06 945 $aLE023$cA.2000$g1$lle023$on$pE0.00$q-$rn$so$t18$u0$v0$w0$x0$y.i14299343$z12-10-06 945 $aLE023$cA.2001$g1$lle023$nLE009 Per. G. 225$nanno 2001$on$pE74.00$q-$rn$so$t18$u0$v0$w0$x0$y.i12566068$z17-09-03 945 $aLE023$cA.2004$g1$lle023$on$pE79.50$q-$rl$s-$t18$u0$v0$w0$x0$y.i14142041$z28-10-05 945 $aLE023$cA. 2005$g1$lle023$on$pE79.50$q-$rn$so$t18$u0$v0$w0$x0$y.i14191192$z08-02-06 945 $aLE023$cA.2006$g1$lle023$on$pE61.00$q-$rn$so$t18$u0$v0$w0$x0$y.i14508667$z11-07-07 945 $aLE023$ca. 62, 1-4 (2007)$g1$lle023$on$pE79.50$q-$rn$so$t18$u0$v0$w0$x0$y.i14885311$z20-11-08 945 $aLE023$ca. 63, 1-3 (2008)$g1$lle023$nLE009 PER. G. 225$on$pE85.00$q-$rn$so$t18$u0$v0$w0$x0$y.i15038233$z27-11-09 945 $aLE023$ca. 64, n. 1/2-3/4 (2009)$g1$lle023$on$pE85.00$q-$rn$so$t0$u0$v0$w0$x0$y.i15205265$z02-12-10 945 $aLE023$ca. 65, n. 1-4 (2010)$g1$lle023$on$pE80.30$q-$rn$so$t18$u0$v0$w0$x0$y.i15261694$z04-05-11 945 $aLE023 Per. 900 REA$ca. 67, n. 1-3 (2012)$g1$lle023$on$pE80.00$q-$rn$so$t18$u0$v0$w0$x0$y.i15486096$z01-03-13 945 $aLE023$ca. 68, n. 1-3 (2013)$g1$lle023$on$pE84.50$rn$s-$t18$u0$v0$w0$x0$y.i15643918$z17-11-14 996 $aRivista di economia agraria$9789270 997 $aUNISALENTO 998 $ale025$ale023$b21-04-10$cs$da$e-$fita$git$h0$i45